000 00554nam a22002057a 4500
003 OSt
005 20140310182930.0
008 130131t xxu||||| |||| 00| 0 eng d
020 _a9789712724527
050 _aPN 4129.15
_b.T172 2010
082 _aFIL 808.5
_bT16 2010
245 _aPublic speaking and professional etiquette
_cCruz-Tapalla, Wima
260 _aManila
_bAnvil Publishing
_cc2010
300 _a183 p.
_c22 cm.
521 _acollege students
526 _c1210L-1700L
541 _j1
562 _e1
942 _2lcc
_cBK
_kFIL
999 _c17520
_d17520